01607 a2200265 4500003000500000005001700005010001600022020002600038020002400064040000900088082001500097100002900112245014000141260005100281300003200332440004000364505062600404650005201030650005101082700003101133740002301164942001201187999001901199952012301218Nust20221215110141.0 a 89026081 a038750561X (New York) a354050561X (Berlin) cNust00a538.3, SAV1 aSavchenko, M. A.910492210aFluctuational superconductivity of magnetic systems /cM.A. Savchenko, A.V. Stefanovich ; [translators, Ram S. Wadhwa, Natalie Wadhwa]. aBerlin ;aNew York :bSpringer-Verlag,cc1990. aix, 258 p. :bill. ;c25cm. 0aResearch reports in physics9104923 aIntroduction (Page-1), Exchange Enhancement Effect During Phase Transitions Magnetically Crystals (Page-16), Phase Lamination and the Exchange Enhancement Effect (Page-45), Superconducting Phases in Rare-Earth Metal Compounds Phenomenological Theory (Page-75), Theory of High-Temperature Superconducting Phase in Rare Earth Metal Compounds (Page-100), Solutions in the Theory of Superconductivity of Magnetic System (Page-112), Spin Glasses Based on Rare –Earth Metal Compounds (Page-133), High Temperature Superconducting Ceramics (Page-169), Theory of High Temperature Superconductivity of Polymer Systems (Page-234). 0aRare earth metalsxMagnetic properties.9104924 0aSuperconducting magnetsxFluctuations.91049251 aStefanovich, A. V.91049260 aSuperconductivity. 2ddccBK c184342d184342 00102ddc4070aMCSbMCScGENd2016-12-12o538.3,SAVpMCS20857r2016-12-08w2016-12-12yBKzAlmirah No.16, Shelf No.5